logo

Bir Sreshtho Munshi Abdur Rouf Library
Jhenaidah Cadet College

Complete German / (Record no. 12442)

MARC details
000 -LEADER
fixed length control field 00656nam a2200253 a 4500
001 - CONTROL NUMBER
JCCL Control Number 12442
003 - CONTROL NUMBER IDENTIFIER
JCCL marc code BD-JhCC
005 - DATE AND TIME OF LATEST TRANSACTION
control field 20220216115352.0
008 - FIXED-LENGTH DATA ELEMENTS--GENERAL INFORMATION
fixed length control field 220216b19982012enka|||| ||a| 001 0 eng d
020 ## - INTERNATIONAL STANDARD BOOK NUMBER
International Standard Book Number 9781444177367
035 ## - SYSTEM CONTROL NUMBER
system control number (BD-JhCC)12442
040 ## - CATALOGING SOURCE
Original cataloging agency BD-JhCC
Modifying agency BD-JhCC
041 ## - LANGUAGE CODE
Language code of Book English
082 ## - DEWEY DECIMAL CLASSIFICATION NUMBER
Classification number 438.2421
Author mark and Year COG 2012
100 ## - MAIN ENTRY--PERSONAL NAME
Personal name Coggle,paul
245 ## - TITLE STATEMENT
Title Complete German /
Statement of responsibility, etc Paul Coggle,Heiner Schenke .
260 ## - PUBLICATION, DISTRIBUTION, ETC. (IMPRINT)
Place of publication, distribution, etc London :
Name of publisher, distributor, etc Beginner To Intermediate;
Date of publication, distribution, etc 2012.
300 ## - PHYSICAL DESCRIPTION
Pagination 390 p. :
Other physical details ill;
Dimensions 19 cm.
650 ## - SUBJECT ADDED ENTRY--TOPICAL TERM
Topical term or geographic name as entry element German Language
650 ## - SUBJECT ADDED ENTRY--TOPICAL TERM
Topical term or geographic name as entry element Spoken German
700 ## - ADDED ENTRY--PERSONAL NAME
Personal name Schenke ,Heiner
942 ## - ADDED ENTRY ELEMENTS (KOHA)
Source of classification or shelving scheme Dewey Decimal Classification
Koha item type Books
Holdings
Source of classification or shelving scheme Damaged status Not for loan Home library Current library Shelving location Date of accession Cost, normal purchase price Total Checkouts Full call number Barcode Date last seen Date checked out Copy number Koha item type
Dewey Decimal Classification     JCC Rouf Library JCC Rouf Library General Stacks 06/10/2021 1132.00 1 438.2421 COG 2012 16897 10/22/2022 06/19/2022 C-1 Books

JCC Library | Contacts | JCC Home

Last Update on 23 September 2017
Copyright @ 2017-2020 JCC Rouf Library
Rouf Library, Jhenidah Cadet College (JCC), Bangladesh